[Event "RUS-Cup6"]
[Site "Krasnodar"]
[Date "1997.03.17"]
[Round "7"]
[White "Kovalevskaya, Ekaterina"]
[Black "Volzhin, Alexander"]
[Result "0-1"]
[WhiteElo "2350"]
[BlackElo "2505"]
[Annotator "Fritz5"]
[PlyCount "64"]
[EventDate "1997.03.11"]
[EventType "swiss"]
[EventRounds "9"]
[EventCountry "RUS"]
[SourceTitle "EXT 2000"]
[Source "ChessBase"]
[SourceDate "1999.11.16"]
[SourceVersion "1"]
[SourceVersionDate "1999.11.16"]
[SourceQuality "1"]

1. e4 c5 2. Nf3 Nc6 3. Bb5 g6 4. O-O Bg7 5. c3 Nf6 6. e5 Nd5 7. d4 cxd4 8. cxd4
O-O 9. Nc3 Nc7 10. Ba4 d6 11. Bxc6 (11. h3 dxe5 12. dxe5 Qxd1 13. Rxd1 Nxe5 14.
Nxe5 Bxe5 15. Bg5 Bxc3 16. bxc3 b5 17. Bc2 Bb7 18. Bxe7 Rfe8 19. Rd7 Nd5 20.
Rxb7 Rxe7 {Ardeleanu,A-Dumitrache,D/ROM-ch 1996/EXP 56/1/2-1/2 (35)}) 11...
bxc6 12. Qa4 Rb8 $146 (12... Bd7 13. exd6 exd6 14. Bg5 f6 15. Bf4 Be8 16. Ne4
Nb5 17. h4 h6 18. Qc4+ Kh8 19. d5 f5 20. Nc3 Rc8 21. Nxb5 cxb5 22. Qb4 {
Rupeni,F-Williams,A/Berlin tt 1980/MCD-r8/1/2-1/2 (48)}) 13. exd6 (13. Qxa7 $2
Ba6 14. exd6 exd6 $19 15. Rd1 Rb7) 13... Qxd6 14. Ne4 Qd5 15. Re1 (15. Qxa7 $2
{scheitert an} Rb7 16. Qc5 Qxe4 $19) 15... Bf5 16. Nc3 ({Schwächer scheint} 16.
Qxa7 Bxe4 17. Qxc7 Bxf3 18. gxf3 e6 $15) 16... Qd6 17. Bg5 (17. b3 $142 $5 {
ist bedenkenswert} Ne6 18. Ba3 $14 (18. Qxa7 $2 {ist falsch} Ra8 (18... Nxd4 $6
19. Bb2 $15) 19. Qb7 Rfb8 $19 (19... Nxd4 $6 20. Nh4 $17))) 17... Ne6 {[%cal
Rd6d4,Re6d4,Rg7d4,Ga4d4,Gf3d4] Steigert den Druck auf den isolierten Bauern d4}
(17... Rxb2 $2 {übersieht} 18. Bxe7 (18. Rxe7 $143 Ne6 19. Bc1 Qxe7 20. Bxb2
Rb8 $15) 18... Qf4 19. Bxf8 Bxf8 20. Re2 Rxe2 21. Nxe2 $18) 18. Be3 Rxb2 19.
Qxa7 Rbb8 20. Qa6 Nxd4 $11 (20... c5 21. Qxd6 exd6 22. Rad1 $17) 21. Nxd4 {
[%cal Ra6c6,Rd4c6,Gd6c6] Greift den Isolani c6 an} Bxd4 22. Bxd4 Qxd4 23. Ne2 (
23. Qxc6 $2 {ist ein Schlag ins Wasser} Rbc8 24. Qb7 Rxc3 $19) 23... Qf6 24.
Rac1 Rfc8 25. Ng3 Rb2 26. Qa7 Bd3 27. f3 e6 28. Rcd1 Bf5 29. a4 Rd8 30. Qc5 (
30. Qc7 Rxd1 31. Rxd1 Kg7 32. Qxc6 Bc2 $17) 30... Rdd2 (30... Bc2 $5 31. Ne4
Bxe4 32. fxe4 $19) 31. Rxd2 Rxd2 32. a5 $4 $19 (32. Nxf5 $142 gxf5 33. Rb1 $13
(33. Qxc6 $4 {der Bauer ist nicht zu nehmen} Qd4+ 34. Kh1 Rd1 35. Qa8+ Kg7 $19)
) 32... Qb2 {Droht Matt} (32... Qb2 33. Nxf5 Rxg2+ (33... gxf5 $6 34. Kh1 $19)
(33... exf5 $6 34. Re8+ Kg7 35. Qf8+ Kf6 36. Qe7+ Kg7 37. Qf8+ Kf6 38. Qe7+ Kg7
39. Qf8+ $11) 34. Kf1 gxf5 $19 (34... exf5 $6 35. Re8+ Kg7 36. Qf8+ Kf6 37.
Qe7+ Kg7 38. Qf8+ Kf6 39. Qe7+ Kg7 40. Qf8+ $11)) 0-1

[Event "St Stefan/Belgrade m"]
[Site "Belgrade"]
[Date "1992.??.??"]
[Round "13"]
[White "Fischer, Robert James"]
[Black "Spassky, Boris Vasilievich"]
[Result "1/2-1/2"]
[WhiteElo "2785"]
[BlackElo "2560"]
[Annotator "Ftacnik,L"]
[PlyCount "90"]
[EventDate "1992.09.??"]
[EventType "match"]
[EventRounds "30"]
[EventCountry "YUG"]
[SourceTitle "CBM 031"]
[Source "ChessBase"]
[SourceDate "1992.12.01"]
[SourceVersion "1"]
[SourceVersionDate "1992.12.01"]
[SourceQuality "1"]

1. e4 c5 2. Nf3 Nc6 3. Bb5 g6 4. Bxc6 bxc6 5. O-O Bg7 6. Re1 f6 $5 (6... Nh6 7.
c3 O-O 8. d4 cxd4 9. cxd4 d5 10. e5 Bg4 11. Nbd2 $1 (11. h3 Bxf3 12. Qxf3 Nf5
$10) 11... Qb6 12. b3 (12. h3 Bxf3 13. Nxf3 c5 14. dxc5 Qxc5 15. Be3 Qb5 $13)
12... c5 13. Ba3 $5 cxd4 14. Bxe7 Rfe8 15. Bg5 Bd7 $1 $13) 7. c3 (7. e5 $5)
7... Nh6 8. d4 cxd4 9. cxd4 O-O 10. Nc3 (10. Qa4 $5 Qb6 11. Na3 $36) 10... d6
11. Qa4 Qb6 $1 12. Nd2 (12. e5 $6 fxe5 13. dxe5 Ng4) 12... Nf7 13. Nc4 Qa6 (
13... Qxd4 $4 14. Be3 $18) 14. Be3 Qxa4 15. Nxa4 f5 $1 16. exf5 (16. f3 $5 fxe4
$140 17. fxe4 d5 $6 18. Na5 $16) 16... Bxf5 (16... gxf5 $5) 17. Rac1 Rfc8 18.
Na5 $6 (18. b4 $1 Rab8 19. a3) 18... Bd7 19. b3 (19. Rc4 e5 20. dxe5 (20. Rec1
exd4 21. Bxd4 Be6 $17) 20... Nxe5 21. Rc2 Bf5 $36) 19... Rab8 20. Nc3 Kf8 21.
a3 (21. f3 h5 (21... Nd8 $5) 22. h3 h4 23. Bf2 g5 24. Ne4 $132) 21... Nh6 $1
22. b4 Nf5 23. Red1 Ke8 (23... Nxe3 24. fxe3 Bh6 25. Rd3 Bf5 $6 26. Rf1 Ke8 27.
e4 $14) 24. Ne4 Rb5 25. h3 h5 26. Rd2 a6 $1 (26... Be6 27. Rxc6 Rxc6 28. Nxc6
Bd5 29. Nxa7 Rb7 30. Nc3) 27. Kf1 Rd5 28. Rcd1 (28. Nc3 $2 Rxd4 $1 29. Bxd4
Nxd4 30. Rdd1 Bf5 $44) 28... Rb5 29. Ke2 (29. Rc1 Rd5 $10) 29... Be6 30. Rc1
Kd7 31. Nc3 Rbb8 (31... Rxa5 32. bxa5 Bc4+ 33. Ke1 Nh4 34. f3) 32. Kf1 h4 $2 (
32... Bd5 33. Nxd5 cxd5 34. Rxc8 Rxc8 35. Rd3 Rc2 $15) (32... Bf7 $15) 33. Ke2
Bf6 34. Ne4 Bd5 35. Kd3 (35. Nxf6+ exf6 $17) (35. f3 $2 Bxe4 36. fxe4 Nxe3 37.
Kxe3 Bg5+ $19) 35... Bg7 36. Rdc2 Rc7 (36... e5 $1 37. dxe5 Nxe3 38. fxe3 Bxe5
$15) 37. Re1 Rf8 38. f3 Rb8 (38... Nxe3 39. Rxe3 Rf5 $15) 39. Nc3 Bg8 40. Ne2
Bf7 (40... g5 $5 41. Bxg5 Bh7) 41. Bd2 Bf6 42. Rec1 Rbc8 43. Nc4 Rb7 44. Na5
Rbc7 45. Nc4 Rb7 1/2-1/2

[Event "Rubinstein Memorial 34th"]
[Site "Polanica Zdroj"]
[Date "1997.??.??"]
[Round "8"]
[White "Rublevsky, Sergei"]
[Black "Andersson, Ulf"]
[Result "1-0"]
[WhiteElo "2650"]
[BlackElo "2640"]
[Annotator "Ftacnik,L"]
[PlyCount "57"]
[EventDate "1997.08.19"]
[EventType "tourn"]
[EventRounds "11"]
[EventCountry "POL"]
[EventCategory "16"]
[SourceTitle "CBM 061"]
[Source "ChessBase"]
[SourceDate "1997.11.23"]
[SourceVersion "1"]
[SourceVersionDate "1997.11.23"]
[SourceQuality "1"]

1. e4 {Horvath,T} c5 2. Nf3 Nc6 3. Bb5 g6 4. Bxc6 dxc6 ({Nach} 4... bxc6 {
Horvath,T die Stellung hat einen ganz anderen Charakter.}) 5. d3 Bg7 {Die
Frage ist: Bg4 oder nicht? Die Meinungen gehen auseinander.} (5... Bg4 {
Horvath,T} 6. Nbd2 Bg7 7. h3 Bxf3 8. Nxf3 $14) 6. h3 Nf6 7. Nc3 O-O 8. Be3 b6
9. Qd2 Re8 (9... e5 {Horvath,T} 10. Bh6 {Iordacescu-Moldovan/CBM/60/131}) 10.
a3 (10. Nh2 e5 11. O-O-O a5 12. g4 a4 13. Rdg1 Nd7 14. g5 Nf8 15. h4 Ne6 16.
Ng4 Nd4 17. Rg3 Bxg4 18. Rxg4 b5 19. h5 a3 20. b3 c4 21. hxg6 fxg6 22. f3 {
Semenova,L-Prudnikova,S/URS-chW Podolsk (04)/1990/0-1 (57)}) (10. Bh6 Bh8 11.
e5 Nd5 12. Ne4 Nc7 (12... Bf5 13. O-O-O a5 14. g4 Be6 15. Rdg1 Qc7 16. h4 Red8
17. h5 a4 18. hxg6 fxg6 19. Neg5 a3 20. b3 Bc8 21. Re1 Bxg4 22. Nxh7 Bxf3 23.
Qg5 Rd6 24. Rh3 Re6 25. Rxf3 {1-0 Oral,T-Jelen,P/SVK-ch Trencin (03)/1995 (31)}
) 13. O-O-O Nb5 14. Qf4 Nd4 15. Rhe1 Nxf3 16. Qxf3 Qd5 17. Ng5 Qxf3 18. Nxf3
Be6 19. Ng5 Bd5 20. c4 Bxg2 21. Re3 Bg7 22. Bxg7 Kxg7 23. e6 f6 24. Nf7 {
1-0 Nijboer,F-Kuijf,M/Wijk Sonnevanck (01)/1992 (41)}) (10. O-O-O e5 (10... Be6
11. g4 c4 12. Ng5 cxd3 13. Nxe6 fxe6 14. Qxd3 Qxd3 15. Rxd3 Red8 16. Rhd1 Rxd3
17. Rxd3 h6 18. f4 Kf7 19. Kd1 Rf8 20. Ke2 Ke8 21. e5 Nd5 22. Nxd5 exd5 23. Ra3
a5 24. b4 axb4 25. Ra6 {1-0 Svidler,P-Arustamian,A/URS-chJ Jurmala ;EXP 28
1992 (36)}) (10... a5 11. Bh6 Bh8 12. e5 Nd5 13. Ne4 Bf5 14. h4 Nc7 15. Rde1
Qd5 16. Nc3 Qd7 17. h5 Rad8 18. hxg6 Bxg6 19. Rh4 b5 20. Reh1 b4 21. Ne2 {
1-0 Sutovskij,E-Jelen,Ig/Groningen op (04)/1993 (39)}) 11. Bh6 Qc7 12. Nh2 Be6
13. Ng4 Nh5 14. Bxg7 Kxg7 15. Qh6+ Kh8 16. f4 exf4 17. e5 f5 18. exf6 Bf5 19.
Qg5 Qf7 20. Kb1 c4 21. dxc4 Re6 {Ziatdinov,R-Horvath,C/Niksic (13)/1991/1-0 
(48)}) 10... a5 (10... e5 11. b4 cxb4 12. axb4 Bb7 13. O-O Nd7 14. Rfd1 Qe7 15.
Rab1 Red8 16. Rb3 Nf8 17. Ra1 Ne6 18. Rba3 Qxb4 19. Rxa7 Rxa7 20. Rxa7 Rb8 21.
Ra4 Qd6 22. Bxb6 c5 23. Ba5 {1-0 Rechlis,G-Tiemer,K/Berliner Sommer (01)/1995 
(33)}) 11. O-O Nd7 (11... e5 12. Nh2 Be6 13. f4 exf4 14. Bxf4 $14) 12. Nh2 $1
Nf8 (12... e5 13. Ng4 $14) 13. f4 f5 (13... Ne6 {Horvath,T} 14. f5 Nd4 15. Ng4
$16) (13... e6 {Horvath,T} 14. e5 Nd7 15. Ne4 f5 $14) 14. Rae1 Ne6 (14... fxe4
15. Nxe4 Bxb2 $2 16. c3 Bxa3 17. Ra1 $16) (14... e5 15. exf5 Bxf5 16. g4 Be6
17. Nf3 exf4 18. Bxf4 $14) 15. exf5 gxf5 16. Nf3 Nd4 17. Ne5 Be6 18. Qf2 Bxe5 (
18... Qd6 19. Bxd4 $1 cxd4 (19... Qxd4 20. Nxc6 $16) 20. Ne2 c5 21. Ng3 b5 22.
Nh5 Bf6 23. Re2 $16) (18... Rc8 {Horvath,T} 19. Kh2 {/\Rg1,g4}) 19. fxe5 Kh8
20. Bxd4 $1 Qxd4 (20... cxd4 21. Ne2 c5 22. Nf4 Bc8 23. e6 Rf8 24. Qe2 Qd6 (
24... Rf6 25. Qe5 $18) 25. Qh5 Rg8 26. Qxf5 $16) 21. Ne2 {White is better
prepared for the transfer into endgame, his pawn structure is not weakened.
Weiss ist besser vorbereitet auf Endspielphase, seine Bauernstruktur ist nicht
beschaedigt.} Qxf2+ (21... Qxb2 22. Nf4 Bd5 23. Rb1 Qxa3 24. c4 Bg8 25. Rxb6
$16) 22. Rxf2 Red8 $6 (22... Rad8 23. Nf4 (23. Ng3 Rf8 24. Ref1 c4 (24... Rd5
25. Nxf5 Rxe5 26. Nxe7 Rxf2 27. Rxf2 Bd7 28. Nc8 $1 $16) 25. Nxf5 (25. dxc4 $2
Bxc4 26. Re1 e6 $15) 25... cxd3 26. cxd3 Bxf5 27. Rxf5 Rxf5 28. Rxf5 Rxd3 29.
Rf7 $14) 23... Bc8 24. e6 Rd6 25. Re5 Rf8 26. g4 $1 $16) (22... Rf8 {Horvath,T}
23. Ref1 Rf7 24. Nf4 Bc8 25. Rd2 $1 {/\d4}) 23. Ng3 Rf8 (23... c4 24. dxc4 Bxc4
25. Nxf5 $16) 24. Ref1 Rad8 (24... c4 25. Nxf5 Bxf5 26. Rxf5 Rxf5 27. Rxf5 cxd3
28. cxd3 Rd8 29. Rf7 $16) 25. Nxf5 Rd5 (25... Rd7 26. Ne3 $16) 26. Nxe7 Rxf2
27. Kxf2 Rxe5 (27... Rd7 28. Nxc6 Bd5 29. e6 $1 (29. Nb8 Rb7 30. c4 Bg8 $1 31.
Nc6 Rc7 $13) 29... Rd6 30. Ne5 Rxe6 31. Re1 $18) 28. Nxc6 (28. Re1 $6 Rxe1 29.
Kxe1 Bd7 30. g4 Kg7 $14) 28... Rf5+ 29. Kg1 (29. Ke2 Rg5 30. g4 $18) 1-0

[Event "Copenhagen Open-03 (Politiken Cup-02)"]
[Site "Copenhagen"]
[Date "1981.06.30"]
[Round "10"]
[White "Bednarski, Jacek B"]
[Black "Moe, Mogens"]
[Result "0-1"]
[WhiteElo "2380"]
[BlackElo "2350"]
[Annotator "Ftacnik,L"]
[PlyCount "92"]
[EventDate "1981.06.20"]
[EventType "swiss"]
[EventRounds "10"]
[EventCountry "DEN"]
[SourceTitle "EXT 2000"]
[Source "ChessBase"]
[SourceDate "1999.11.16"]
[SourceVersion "1"]
[SourceVersionDate "1999.11.16"]
[SourceQuality "1"]

1. e4 c5 2. Nf3 Nc6 3. Bb5 g6 4. O-O Bg7 5. c3 Qb6 6. Na3 a6 7. Ba4 Qa7 8. d4
cxd4 9. cxd4 Nxd4 10. Be3 Nxf3+ 11. gxf3 (11. Qxf3 Qb8 12. Bb3 Nf6 13. Nc4 b5
14. Nb6 Bb7 $44) 11... Qb8 12. Nc4 $1 b5 13. Nb6 Bxb2 (13... Nf6 $142 14. Bb3
O-O 15. Nxa8 Qxa8) 14. Bb3 Nf6 (14... Bxa1 15. Qxa1 f6 16. Qd4) 15. Bxf7+ $2 (
15. Rb1) 15... Kxf7 16. Qb3+ d5 17. Qxb2 dxe4 18. Nxa8 exf3 19. Rac1 Qxa8 20.
Qe5 Be6 21. Rfe1 Qd5 22. Qxd5 Nxd5 23. Rc6 Ra8 24. Bg5 Bf5 $2 (24... Bh3 $142)
25. h4 e6 26. Kh2 h5 27. Kg3 Bg4 28. a3 a5 29. Rd6 Ra7 30. Rc1 b4 31. axb4 axb4
32. Rc8 Ne7 (32... e5 33. Rh8 (33. Rc5 Nc3 34. Rxe5 Ne2+ 35. Kh2 Rb7) 33... Kg7
34. Rdd8 Nc3 35. Rdf8 Ne4+ 36. Kh2 Be6) 33. Bxe7 $2 (33. Rh8 $142 Nf5+ 34. Kf4
Nxd6 35. Rh7+) 33... Kxe7 34. Rb6 Ra1 35. Rc7+ Kf6 36. Rc4 Rg1+ 37. Kf4 Rh1 38.
Rcxb4 Rxh4 39. Ke3 Rh1 40. Rf4+ Kg5 41. Rb5+ Kh4 42. Rf6 g5 43. Rb2 Re1+ 44.
Kd2 Re2+ 45. Kc1 Rxb2 46. Kxb2 Kh3 0-1

[Event "Bellevue Slugfest op"]
[Site "Bellevue"]
[Date "2006.10.15"]
[Round "5"]
[White "Shabalov, Alexander"]
[Black "Ftacnik, Lubomir"]
[Result "0-1"]
[WhiteElo "2604"]
[BlackElo "2579"]
[Annotator "Ftacnik,L"]
[PlyCount "82"]
[EventDate "2006.10.13"]
[EventType "swiss"]
[EventRounds "6"]
[EventCountry "USA"]
[SourceTitle "CBM 114 Extra"]
[Source "ChessBase"]
[SourceDate "2006.11.03"]
[SourceVersion "1"]
[SourceVersionDate "2006.11.03"]
[SourceQuality "1"]

1. e4 c5 2. Na3 {The move is a cherming antidote to the huge body of chess
theory. Zvjaginsev has famously used it in Russian championship, but Svidler,
Morozevich, Malakhov or Shabalov have played it on more than one occasion.
White is developing a piece to a bit strange square, but getting it out
nevertheless.} d6 3. c3 Nf6 4. g3 g6 5. Bg2 Bg7 6. Ne2 O-O 7. d4 Nbd7 8. O-O
Rb8 9. Nb5 (9. h3 b5 10. g4 b4 11. cxb4 Rxb4 12. Nc2 Rb8 13. Ng3 Qb6 14. dxc5
Nxc5 15. b4 Na4 16. Be3 Qa6 17. Re1 Bd7 18. e5 dxe5 19. g5 Rfd8 20. gxf6 exf6
$11 {1/2 Shabalov,A-Rohonyan,K /Washington DC 2006/ (41)}) (9. f4 b5 10. e5 Ne8
11. Be3 b4 12. cxb4 cxb4 13. Nc4 Ba6 14. Rc1 e6 15. b3 d5 16. Nb2 Qa5 17. Qd2
f5 18. Rfe1 Nc7 19. Nd3 Rfc8 20. a4 {1-0 Atlas,D-Lupu,M/Cappelle la Grande
1996/ (42)}) 9... Qb6 {Black was unwilling to let the knight to a7 fearing for
his light squared bishop.} (9... a6 10. Na7 Qc7 11. a4 b5 12. Nxc8 Rfxc8 13.
axb5 axb5 14. Bd2 e5 15. dxe5 dxe5 16. c4 bxc4 17. Qc2 Rb3 18. Ba5 Qd6 19. Nc1
Rb7 {1/2 Mozes,E-Molnar,B/Hungary 1998/ (41)}) 10. a4 a6 11. Na3 Qc7 (11...
cxd4 12. cxd4 e5 13. b3 Qc7 14. Be3 Ng4 $11) 12. b4 e5 (12... b6 13. Qd3 Bb7
14. Bd2 $13) 13. dxc5 $6 {Shabalov could have created bigger problems with the
help of slight transformation in the pawn chain character.} (13. bxc5 dxc5 14.
d5 c4 15. Rb1 Ne8 (15... Rd8 16. Rb4 Bf8 17. Rxc4 Nc5 18. Bg5 Be7 19. f4 b5 20.
axb5 axb5 21. Rb4 $14) 16. Rb4 Nd6 17. Be3 $14) 13... dxc5 14. b5 (14. Qb3 Rd8
15. Re1 (15. b5 c4 $1 16. Qxc4 Nc5 $15) 15... Nf8 16. Be3 Be6 $11) 14... c4 15.
Rb1 (15. Qc2 Nc5 16. Nxc4 Be6 17. Ne3 Bb3 18. Qb1 Bxa4 $11) 15... Rd8 (15...
Nc5 16. Nxc4 Ncxe4 17. Nxe5 (17. Ne3 Rd8 18. Qc2 Nc5 19. b6 Qe7 20. Ba3 $11)
17... Bf5 18. Nd3 Nd5 $15) 16. Qc2 Nc5 17. b6 (17. Nxc4 Ncxe4 18. Ne3 (18. Bxe4
Qxc4 19. Rb4 Qc7 $15) 18... Nd6 $15) 17... Qe7 {White pieces are not located
on great squares and tactics miraculosly works fine for black.} (17... Qc6 18.
Nxc4 Nd3 $5 (18... Qxa4 19. Qxa4 Nxa4 20. Rb4 (20. Nxe5 Nxe4 21. Nxf7 Kxf7 22.
Bxe4 Bh3 (22... Bg4 23. f3 Bh3 24. Re1 Nxc3 25. Nxc3 Bxc3 26. Bf4 $11) 23. Re1
Bxc3 24. Nxc3 Nxc3 25. Rb4 Re8 $15) 20... Nc5 21. Nxe5 Nfxe4 22. Nxf7 Kxf7 23.
Bxe4 a5 24. Rc4 Nxe4 25. Rxe4 Bf5 26. Rf4 $11) (18... Ncxe4 19. Nxe5 Qe8 20.
Nd4 Bf5 (20... Nxc3 21. Qxc3 Qxe5 22. Qc7 $1 $18) 21. Nxf5 gxf5 22. f4 $14) 19.
Na5 Qc5 20. Bg5 Qxa5 21. Rfd1 Be6 22. Rxd3 Rxd3 23. Qxd3 Qxa4 $15) 18. Nxc4
Nfxe4 $1 (18... Bd7 19. Ba3 (19. Nb2 Nfxe4 $1 $17) 19... Qe6 20. Nb2 (20. Bxc5
Qxc4 21. Be7 Bxa4 $17) (20. Rb4 a5 21. Nxa5 Ra8 22. Nb3 Nxb3 23. Qxb3 Bf8 $17)
20... Bf8 21. a5 Bb5 $15) 19. Ba3 (19. Ne3 f5 20. f3 Nf6 $15) (19. Bxe4 Nxe4
20. Qxe4 (20. Ba3 Nc5 21. Ne3 Bd7 22. c4 e4 23. Nd5 Qd6 $15) 20... Bf5 21. Ba3
Qe6 22. Nf4 (22. Qh4 Bf6 $19) 22... exf4 23. Qxe6 fxe6 $19) 19... Qe6 20. Rbd1
{White is unable to punish the opponent in direct tactics, so he tries to
prove that black forces are overexposed.} (20. Bxe4 Qxc4 21. Rb4 Qe6 22. Bg2
Qf5 $17) (20. Rfd1 Bd7 21. Nb2 Qf5 22. Bxc5 Nxc5 $17) 20... Bd7 (20... Rxd1 21.
Rxd1 Qxc4 $2 22. Rd8+ Bf8 23. Bxe4 $18) 21. Nb2 (21. Rxd7 Rxd7 22. Ne3 Rd2 $19)
(21. Bxe4 Bxa4 (21... Qxc4 22. Bd5 Qxa4 23. Qxa4 Nxa4 24. Bd6 Nxb6 $15) 22.
Rxd8+ Rxd8 23. Qa2 (23. Bxc5 Bxc2 24. Bxc2 Qxc4 $19) 23... Nxe4 $19) 21... Bf8
$5 {[%mdl 64] Great tactical resourse born out of dire need to solve the
crises. The laternative 21...Bc6 was less clear during the game.} (21... Bc6
22. f3 Rxd1 23. Qxd1 (23. Rxd1 Qa2 24. Bb4 a5 25. Bxa5 Nxa4 $17) 23... Qa2 24.
Qa1 (24. fxe4 Qxa3 25. Qd6 Re8 26. Nc4 Qa2 $19) 24... Qxa1 25. Rxa1 Nb3 $17)
22. Rfe1 (22. Bxe4 Nxe4 23. Bxf8 (23. Qxe4 Bxa3 24. Nd3 Bd6 25. a5 Bc6 $17)
23... Ng5 $1 24. Bh6 (24. Rxd7 Rxd7 25. Bh6 Rd2 26. Qxd2 Nf3+ 27. Kg2 Nxd2 28.
Bxd2 Qd5+ $19) (24. f3 Qxb6+ 25. Kh1 Kxf8 $19) 24... Nf3+ 25. Kg2 Qc6 $19) (22.
a5 Bc6 23. Bxc5 Nxc5 24. Bxc6 Qxc6 25. Nc4 Bg7 $17) 22... Qf6 $1 (22... Bc6 23.
Rxd8 (23. Nd4 exd4 24. cxd4 Qb3 (24... Nb3 25. Bxf8 Nxd4 26. Rxd4 Rxd4 27. Bc5
Rd2 28. Qxd2 Nxd2 29. Rxe6 fxe6 30. Bxc6 bxc6 31. Be3 $15)) 23... Rxd8 24. Bxc5
Nxc5 25. Nd4 Qa2 26. Nxc6 bxc6 $11) 23. Nc1 {White feels compelled to put even
more pieces to passive locations, the tactics still seems to favour black.} (
23. Bxe4 Nxe4 24. Qxe4 Bxa3 25. Nd3 Bc6 $19) 23... Ng5 (23... Bf5 24. Ncd3 (24.
g4 Bxg4 25. Rxd8 Rxd8 26. Bxe4 Nxe4 27. Qxe4 (27. Bxf8 Rd2) 27... Bxa3 28. Qxg4
Bxb2 $19) 24... Rbc8 25. Nxc5 Nxc5 26. Qe2 Qxb6 $17) 24. Qe2 (24. Bxc5 Bxc5 25.
Ncd3 Bxb6 (25... Bf5 26. h4 Ne6 27. a5 $15) 26. Nxe5 Nh3+ 27. Bxh3 Bxh3 $17)
24... Bc6 (24... Nxa4 25. Rxd7 Nxc3 26. Qc2 Rxd7 27. Bxf8 e4 28. Bb4 Nd5 $15) (
24... Nh3+ 25. Bxh3 (25. Kf1 Bg4 26. f3 e4 $19) 25... Bxh3 26. a5 Qc6 27. f3
Re8 $17) 25. Qe3 $2 (25. Bxc5 Rxd1 26. Nxd1 (26. Rxd1 Bxc5 27. Nbd3 Bxb6 28.
Nxe5 Bxa4 $17) 26... Bxc5 27. Nd3 Bxg2 28. Kxg2 Qc6+ 29. f3 e4 30. fxe4 Bxb6
$17) 25... Nf3+ 26. Bxf3 Qxf3 $6 {It is a bit surprizing, that the two decent
grandmasters have failed to spot the logical tactical shot 26...Bh6!
immeditaely deciding the issue.} (26... Bh6 $1 27. Qxc5 (27. Rxd8+ Rxd8 28. Qe2
Bxf3 29. Qc4 Bd5 30. Qg4 Bd2 31. Rf1 Ne4 $19) (27. Qxh6 Qxf3 28. Kf1 Qg2+ 29.
Ke2 Bf3+ 30. Ke3 Bxd1 $19) (27. Bxc6 Bxe3 28. Rxe3 Qxc6 $19) 27... Qxf3 28.
Qxc6 Qxc6 $19) 27. Qxf3 Bxf3 28. Rxd8 Rxd8 29. Bxc5 (29. a5 f6 30. Nc4 Na4 31.
Bxf8 Kxf8 32. Ne2 Rc8 33. Nd6 Rc5 $19) 29... Bxc5 30. Ncd3 (30. Rxe5 Bxb6 31.
Nb3 Bd5 32. c4 Bc6 $17) (30. Nbd3 Bxb6 31. Nxe5 Bd1 32. Nc4 Bc7 33. Nb2 Bg4 $17
) 30... Bxb6 31. Nxe5 (31. Rxe5 Rc8 $19) 31... Rd2 32. Nxf3 $2 {Shabalov was
not happy defending the difficult position for the better part of the game and
here he simply gives in.} (32. Nbd3 Bd5 33. c4 f6 34. Nd7 (34. cxd5 fxe5 35.
Rb1 Bd4 $19) 34... Bxc4 35. Nxb6 Bxd3 $17) 32... Bxf2+ 33. Kf1 Bxe1 34. Nxd2 (
34. Nc4 Rf2+ 35. Kxe1 Rxf3 $19) 34... Bxd2 {White has very littlke chance to
put up real resistance.} 35. c4 Be3 36. Ke2 Bd4 37. Nd3 f5 38. Nc1 (38. Nb4 Kf7
39. Nd5 Ke6 $19) 38... Kf7 39. Nb3 Bg1 40. Kf3 Ke6 41. Na5 Bb6 $1 {The final
shot deciding the game since it is impossible to eat the pawn b7 without
immediate loss.} (41... Bb6 $1 42. Nb3 (42. Nxb7 Kd7 43. c5 Bc7 44. Nd6 Bxd6
45. cxd6 Kxd6 46. Kf4 h6 47. h4 Ke6 48. a5 Kf6 49. Ke3 Ke5 $19) 42... Ke5 43.
h3 g5 $19) 0-1

[Event "Banja Luka"]
[Site "Banja Luka"]
[Date "1976.??.??"]
[Round "10"]
[White "Hulak, Krunoslav"]
[Black "Hort, Vlastimil"]
[Result "0-1"]
[WhiteElo "2470"]
[BlackElo "2600"]
[Annotator "Gagarin,V"]
[PlyCount "58"]
[EventDate "1976.12.??"]
[EventType "tourn"]
[EventRounds "15"]
[EventCountry "YUG"]
[EventCategory "10"]
[SourceTitle "MCL"]
[Source "ChessBase"]
[SourceDate "1999.07.01"]
[SourceVersion "1"]
[SourceVersionDate "1999.07.01"]
[SourceQuality "1"]

1. e4 c5 2. Nf3 Nc6 3. Bb5 g6 4. O-O Bg7 5. Re1 e5 6. Bxc6 dxc6 7. d3 Qe7 8.
Nbd2 Nh6 $5 {/\ f6, Nf7/} (8... Nf6 9. Nc4 Nd7 $14 (9... Nh5 $5)) 9. a3 (9. Nc4
f6 10. b4 $5 cxb4 11. a3 O-O $1 12. axb4 $10) (9. b4 $5 cxb4 10. a3 O-O (10...
b3 $5) 11. axb4 f6 (11... Be6 $10) 12. Ba3 Rd8 13. b5 c5 14. Nc4 Be6 15. Qe2 b6
16. Reb1 Nf7 17. Ne3 Qd7 18. Ne1 f5 19. c4 f4 20. Nd5 g5 $13 {Tseitlin,Mi/
Gorelov,S/Moscow/1987/0:1/42/}) 9... Be6 (9... O-O 10. b4 $5 Rd8 11. Bb2 f6 12.
Bc3 Be6 $10 13. Qb1 Nf7 14. Nc4 Bxc4 $1 15. dxc4 Nd6 $15 16. bxc5 Nxc4 17. Qa2
Qf7 (17... Qxc5 $2 18. Bb4 Qb5 19. Nd2 Rd4 20. Bc3 $18) 18. Reb1 Bf8 {Glek,
I-Pigusov,E/Tallinn/1986/0:1/43/} 19. a4 b6 20. cxb6 axb6 21. Qb3 $15) 10. Nc4
f6 11. Nfd2 (11. b4 $5 cxb4 12. axb4 O-O 13. Ba3 Rad8 14. Qe2 b6 15. b5 $5 (15.
Red1 Qf7 16. h3 Rd7 17. Ne3 Rfd8 18. c3 f5 19. Ng5 Qf6 20. Nxe6 Qxe6 21. f3 Nf7
22. Nc4 f4 23. Rd2 g5 24. Rad1 h5 $15 {|^>>/}) 15... c5 16. Ne3 {/\ c4, Nd5/}
Ng4 $5 $10) 11... Nf7 12. b4 cxb4 (12... O-O 13. bxc5 Qxc5 14. a4 Rfd8 15. Ba3
Qd4 16. a5 Qd7 $10) 13. axb4 O-O 14. Bb2 Rfd8 15. Bc3 Qc7 16. Qb1 Bf8 $1 17.
Qb2 Nd6 18. Nxd6 Bxd6 $10 19. Ra4 $6 (19. f4 $2 exf4 20. Bxf6 Qb6+ $17 {/\ Qb4/
}) (19. Nf1 $10 {/\ Ne3/}) (19. Nc4 $5 $10) 19... a6 20. f4 $5 (20. Nf1) 20...
b5 $1 21. Raa1 $2 (21. fxe5 $1 bxa4 22. exd6 Rxd6 23. Bxf6 $44) 21... c5 $17
22. fxe5 cxb4 $1 23. exd6 $8 Qxc3 24. Qc1 Rxd6 (24... Qd4+ 25. Kh1 a5 26. Nf3
Qxd6 27. e5 fxe5 28. Nxe5 Rdc8 29. Qd2 a4 $17) 25. e5 Rc6 26. Nf3 Bd5 $1 $19
27. exf6 (27. Qe3 Re8 28. d4 Qxe3+ 29. Rxe3 Bxf3 30. gxf3 fxe5 31. dxe5 Kf7 $19
) 27... Bxf3 28. f7+ Kxf7 29. Qh6 Qd4+ $1 (29... Qd4+ 30. Kh1 Bxg2+ $1 31. Kxg2
Rxc2+ 32. Kh1 Kg8 $19) 0-1